000
00294 a2200145 4500
001
164233
020
_a
040
_c
Magnum
100
_a
-
240
1
0
_a
O concerto das galinhas
_l
por
245
1
0
_a
O concerto das galinhas
362
0
_a
1899
697
_a
I/FADAS, FANTASIA
942
_c
BK
999
_c
164233
_d
164233